MARC details
| 000 -CABECERA |
| campo de control de longitud fija |
04237nam a2200493Ia 4500 |
| 001 - NÚMERO DE CONTROL |
| campo de control |
dia_6215 |
| 003 - IDENTIFICADOR DEL NÚMERO DE CONTROL |
| campo de control |
CHAP |
| 005 - FECHA Y HORA DE LA ÚLTIMA TRANSACCIÓN |
| campo de control |
20240808130332.0 |
| 007 - CAMPO FIJO DE DESCRIPCIÓN FÍSICA--INFORMACIÓN GENERAL |
| campo de control de longitud fija |
ta |
| 008 - DATOS DE LONGITUD FIJA--INFORMACIÓN GENERAL |
| campo de control de longitud fija |
220117s2016 mx de frm 001 0 spa d |
| 010 ## - NÚMERO DE CONTROL DE LA BIBLIOTECA DEL CONGRESO |
| Número de control de LC |
177437 |
| 040 ## - FUENTE DE LA CATALOGACIÓN |
| Centro/agencia transcriptor |
CHAP |
| Centro catalogador/agencia de origen |
mxchpua |
| Normas de descripción |
rda |
| 041 0# - CÓDIGO DE LENGUA |
| Código de lengua del texto/banda sonora o título independiente |
spa |
| Código de lengua del sumario o resumen |
eng |
| 090 ## - LOCALMENTE ASIGNADO TIPO-LC NÚMERO DE CLASIFICACIÓN (OCLC); NÚMERO DE CLASIFICACIÓN LOCAL (RLIN) |
| Número de clasificación (OCLC) (R) ; Numero de clasificación, CALL (RLIN) (NR) |
Tesis |
| Número cutter local (OCLC) ; Número de libro/Signatura topográfica íntegra, CALL (RLIN) |
E887 |
| año |
2016 |
| 100 1# - ENTRADA PRINCIPAL--NOMBRE DE PERSONA |
| Nombre de persona |
Estudillo Márquez, Carolina |
| 240 10 - TÍTULO UNIFORME |
| Título uniforme |
Requirements for implementation, certification BPM, BSCI code of conduct and certification FSSC in the company " Miel Gabriela S. A. de C. V. " |
| Lenguaje de la obra |
Español |
| 245 10 - MENCIÓN DE TÍTULO |
| Título |
Implementación de requisitos para la crtificación BPM, código de conducta BSCI y certificación FSSC en la empresa miel Gabriela, S. A. de C. V. / |
| Mención de responsabilidad, etc. |
Carolina Estudillo Márquez |
| 264 ## - PRODUCCIÓN, PUBLICACIÓN, DISTRIBUCIÓN, FABRICACIÓN Y COPYRIGHT |
| Producción, publicación, distribución, fabricación y copyright |
Chapingo, México : |
| Nombre del de productor, editor, distribuidor, fabricante |
El autor, |
| Fecha de producción, publicación, distribución, fabricación o copyright |
2016 |
| 300 ## - DESCRIPCIÓN FÍSICA |
| Extensión |
55 hojas : |
| Otras características físicas |
gráficas, diagramas, tablas, planos + |
| Material acompañante/anejo |
1 CD-ROM |
| 336 ## - TIPO DE CONTENIDO |
| Fuente |
rdacontent |
| Término de tipo de contenido |
texto |
| Código de tipo de contenido |
txt |
| 337 ## - TIPO DE MEDIO |
| Fuente |
rdamedia |
| Nombre/término del tipo de medio |
no mediado |
| Código del tipo de medio |
n |
| 338 ## - TIPO DE SOPORTE |
| Fuente |
rdacarrier |
| Nombre/término del tipo de soporte |
volumen |
| Código del tipo de soporte |
nc |
| 500 ## - NOTA GENERAL |
| Nota general |
El CD contiene reporte |
| 502 ## - NOTA DE TESIS |
| Nota de tesis |
Informe de Estancia preprofesional |
| Tipo de título |
(Ingeniero Agroindustrial) -- |
| Nombre de la institución que otorga el título |
UACh. Departamento de Ingeniería Agroindustrial, |
| Año de obtención del título |
2016 |
| 504 ## - NOTA DE BIBLIOGRAFÍA, ETC. |
| Nota de bibliografía, etc. |
Bibliografía: hojas 47-48 |
| 505 ## - NOTA DE CONTENIDO CON FORMATO |
| Nota de contenido con formato |
1 Diagrama --<br/>1. Diagrama de flujo del proceso |
| 520 3# - SUMARIO, ETC. |
| Sumario, etc. |
Hoy en día, uno de los grandes retos de las empresas agroalimentarias es contribuir, a través de sus productos, a una mejor calidad de vida y salud de quienes lo consumen, y a su vez buscan competir en mercados específicos que sean capaces de consumir dichos productos de calidad que aseguren la conformidad del consumidor. Es por eso, que las autoridades sanitarias de diversos países consideran prioritario el establecimiento de políticas que aseguren la inocuidad de los alimentos y que garanticen su acceso a los mercados nacionales e internacionales. La Empresa Miel Gabriela S. A. de C. V. consciente de las necesidades y preferencias de los consumidores, pone en práctica la utilización de herramientas como lo son: Buenas Prácticas de Manufactura, Código de Conducta Empresarial BSCI así como la utilización de certificación FSSC para garantizar la calidad en cada uno de sus productos. La importancia de la realización de este proyecto radica en que se ayudó a sentar las bases de las certificaciones antes mencionadas mediante la recopilación y sistematización de bitácoras y realización de procedimientos que den evidencia de un buen sistema de gestión de la calidad. -- |
| 520 3# - SUMARIO, ETC. |
| Sumario, etc. |
Nowadays, the biggest agro-industrial enterprises challenges are to contribute to a better quality of life and health of their consumers throughout their products and in turn they are looking for competition in a specific able consumers marketing and also having control on safety consumers. For that reason, many of health authorities from different countries think about the enactment of policies that guarantees the foodstuff innocuousness and its access to national and international marketing. The Miel Gabriela S.A de C.V enterprise, being conscious of its consumers preferences and needs, puts into practice the use of support tools just like: High-grade Manufacturing Practices, BSCI, the use of FSSC to guarantee its high-quality products. The importance in realizing this project lies in the assistance of setting the certifications' basis before mentioned by the collection and systematization of log books and the realization of procedures that demonstrate a great quality management system |
| 650 13 - PUNTO DE ACCESO ADICIONAL DE MATERIA--TÉRMINO DE MATERIA |
| Término de materia o nombre geográfico como elemento de entrada |
Buenas prácticas de fabricación |
| Fuente del encabezamiento o término |
atg |
| 650 13 - PUNTO DE ACCESO ADICIONAL DE MATERIA--TÉRMINO DE MATERIA |
| Término de materia o nombre geográfico como elemento de entrada |
Miel y productos fabricados por abejas |
| Subdivisión geográfica |
México |
| -- |
Yucatán |
| Fuente del encabezamiento o término |
atg |
| 650 13 - PUNTO DE ACCESO ADICIONAL DE MATERIA--TÉRMINO DE MATERIA |
| Término de materia o nombre geográfico como elemento de entrada |
Good manufacturing practices |
| Fuente del encabezamiento o término |
atg |
| 650 13 - PUNTO DE ACCESO ADICIONAL DE MATERIA--TÉRMINO DE MATERIA |
| Término de materia o nombre geográfico como elemento de entrada |
Honey and bee products |
| Subdivisión geográfica |
Mexico |
| -- |
Yucatán |
| Fuente del encabezamiento o término |
atg |
| 700 1# - PUNTO DE ACCESO ADICIONAL--NOMBRE DE PERSONA |
| Nombre de persona |
Sandoval Castilla, Ofelia |
| Término indicativo de función/relación |
directora |
| 700 1# - PUNTO DE ACCESO ADICIONAL--NOMBRE DE PERSONA |
| Nombre de persona |
Ramírez Santiago, César |
| Término indicativo de función/relación |
asesor |
| 700 1# - PUNTO DE ACCESO ADICIONAL--NOMBRE DE PERSONA |
| Nombre de persona |
Velázquez Castillo, Alejandra |
| Término indicativo de función/relación |
asesor |
| 856 41 - LOCALIZACIÓN Y ACCESO ELECTRÓNICOS |
| Identificador Uniforme del Recurso |
<a href="http://10.13.5.2/tesis/sist112422.pdf">http://10.13.5.2/tesis/sist112422.pdf</a> |
| Texto de enlace |
DESCARGAR PDF |
| 901 ## - ELEMENTOS DE DATOS A LOCAL LDA (RLIN) |
| a |
TESIS E887 2016 |
| 942 ## - ELEMENTOS DE PUNTO DE ACCESO ADICIONAL (KOHA) |
| Tipo de ítem Koha |
TESIS |
| Fuente del sistema de clasificación o colocación |
Clasificación Universidad Autónoma Chapingo |
| 902 ## - ELEMENTOS DE DATOS B LOCAL, LDB (RLIN) |
| a |
M |
| 905 ## - ELEMENTOS DE DATOS E LOCAL, LDE (RLIN) |
| a |
5232272016 mx nl 8223123322spa16 |